书目信息 |
| 题名: |
商海王道
|
|
| 作者: | 王振滔 吴甘霖 著 | |
| 分册: | ||
| 出版信息: | 北京 机械工业出版社 2007.03 |
|
| 页数: | 292页 | |
| 开本: | 26cm | |
| 丛书名: | ||
| 单 册: | ||
| 中图分类: | F426.86 | |
| 科图分类: | ||
| 主题词: | 工业经济--中国 | |
| 电子资源: | ||
| ISBN: | 978-7-111-20454-1 | |
| 000 | 00617nam0 2200205 450 | |
| 001 | 1160078060 | |
| 005 | 20110610164450.39 | |
| 010 | @a978-7-111-20454-1@dCNY39.00 | |
| 100 | @a20110610d2007 km y0chiy0120 ea | |
| 101 | 0 | @achi |
| 102 | @aCN@b110000 | |
| 200 | 1 | @a商海王道@Ashang hai wang dao@f王振滔 吴甘霖著@Fwang zhen tao wu gan lin zhu |
| 210 | @a北京@c机械工业出版社@d2007.03 | |
| 215 | @a292页@d26cm | |
| 300 | @a从奥康奇迹悟世界一流商道 | |
| 606 | 0 | @a工业经济@x中国 |
| 690 | @aF426.86@v5 | |
| 701 | 0 | @a王振滔 吴甘霖@Awang zhen tao wu gan lin@4著 |
| 801 | 0 | @aCN@bNISOFT@c20110610 |
| 905 | @aBZT@dF426.86@e3 | |
| 商海王道/王振滔 吴甘霖著.-北京:机械工业出版社,2007.03 |
| 292页;26cm |
| 从奥康奇迹悟世界一流商道 |
| ISBN 978-7-111-20454-1:CNY39.00 |
| ● |
| 相关链接 |
|
|
|
正题名:商海王道
索取号:F426.86/3
 
预约/预借
| 序号 | 登录号 | 条形码 | 馆藏地/架位号 | 状态 | 备注 |
| 1 | 791044 | 2000791044 | 样本书库/样008架A面5层1列/ [索取号:F426.86/3] | 在馆 | |
| 2 | 791045 | 2000791045 | 中心书库北库/ 北库017架B面4列4层30/ [索取号:F426.86/3] | 在馆 | |
| 3 | 791046 | 2000791046 | 中心书库北库/ 北库017架B面4列4层28/ [索取号:F426.86/3] | 在馆 | |
| 4 | 791047 | 2000791047 | 中心书库北库/ 北库017架B面4列4层29/ [索取号:F426.86/3] | 在馆 | |
| 5 | 791048 | 2000791048 | 中心书库北库/ 北库017架B面4列4层27/ [索取号:F426.86/3] | 在馆 | |
| 6 | 791049 | 2000791049 | 中心书库北库/ 北库017架B面4列4层26/ [索取号:F426.86/3] | 在馆 |